<?xml version="1.0" encoding="UTF-8"?>
<record
    xmlns:xsi="http://www.w3.org/2001/XMLSchema-instance"
    xsi:schemaLocation="http://www.loc.gov/MARC21/slim http://www.loc.gov/standards/marcxml/schema/MARC21slim.xsd"
    xmlns="http://www.loc.gov/MARC21/slim">

  <leader>01528nam0a2200373   4500</leader>
  <controlfield tag="001">RU\NLR\BIBL_A\011904809</controlfield>
  <controlfield tag="005">20190402145633.0</controlfield>
  <datafield tag="010" ind1=" " ind2=" ">
    <subfield code="a">978-5-907015-73-9</subfield>
    <subfield code="9">1000</subfield>
  </datafield>
  <datafield tag="021" ind1=" " ind2=" ">
    <subfield code="a">RU</subfield>
    <subfield code="b">&#x41A;&#x41D;-&#x41F;-18-093206</subfield>
    <subfield code="9">&#x41A;&#x41D;-&#x41F;-18-6757</subfield>
  </datafield>
  <datafield tag="035" ind1=" " ind2=" ">
    <subfield code="a">(NLR Aleph) 011904809</subfield>
  </datafield>
  <datafield tag="035" ind1=" " ind2=" ">
    <subfield code="a">(RuMoRGB)009831727</subfield>
  </datafield>
  <datafield tag="090" ind1=" " ind2=" ">
    <subfield code="a">10902643</subfield>
    <subfield code="c">10902643</subfield>
  </datafield>
  <datafield tag="100" ind1=" " ind2=" ">
    <subfield code="a">20190109d2019    u  y0rusy50      ca</subfield>
  </datafield>
  <datafield tag="101" ind1="1" ind2=" ">
    <subfield code="a">rus</subfield>
    <subfield code="c">chi</subfield>
  </datafield>
  <datafield tag="102" ind1=" " ind2=" ">
    <subfield code="a">RU</subfield>
  </datafield>
  <datafield tag="105" ind1=" " ind2=" ">
    <subfield code="a"> c||z|||000zy</subfield>
  </datafield>
  <datafield tag="200" ind1="1" ind2=" ">
    <subfield code="a">&#x421;&#x438;&#x44F;&#x43D;&#x438;&#x435; &#x412;&#x435;&#x43B;&#x438;&#x43A;&#x43E;&#x439; &#x41C;&#x438;&#x43D;</subfield>
    <subfield code="e">&#x43E; &#x431;&#x43E;&#x440;&#x44C;&#x431;&#x435; &#x441; &#x43C;&#x43E;&#x43D;&#x433;&#x43E;&#x43B;&#x430;&#x43C;&#x438; &#x438; &#x434;&#x438;&#x43F;&#x43B;&#x43E;&#x43C;&#x430;&#x442;&#x438;&#x447;&#x435;&#x441;&#x43A;&#x438;&#x445; &#x43C;&#x438;&#x441;&#x441;&#x438;&#x44F;&#x445; &#x418;&#x43C;&#x43F;&#x435;&#x440;&#x438;&#x438; &#x41C;&#x438;&#x43D;</subfield>
    <subfield code="f">&#x416;&#x443;&#x43D; &#x427;&#x436;&#x44D;&#x43D;&#x44C;</subfield>
    <subfield code="g">[&#x43F;&#x435;&#x440;. &#x441; &#x43A;&#x438;&#x442;. &#x411;&#x43E;&#x434;&#x43E;&#x442;&#x44C;&#x43A;&#x43E; &#x415;.&#x411;.]</subfield>
  </datafield>
  <datafield tag="210" ind1=" " ind2=" ">
    <subfield code="a">&#x41C;&#x43E;&#x441;&#x43A;&#x432;&#x430;</subfield>
    <subfield code="c">&#x428;&#x430;&#x43D;&#x441;</subfield>
    <subfield code="d">2019 [&#x442;.&#x435;. 2018]</subfield>
  </datafield>
  <datafield tag="215" ind1=" " ind2=" ">
    <subfield code="a">171, [4] &#x441;.</subfield>
    <subfield code="c">&#x446;&#x432;. &#x438;&#x43B;., &#x43F;&#x43E;&#x440;&#x442;&#x440;., &#x442;&#x430;&#x431;&#x43B;.</subfield>
    <subfield code="d">21&#x445;21</subfield>
  </datafield>
  <datafield tag="225" ind1="1" ind2=" ">
    <subfield code="a">&#x411;&#x43B;&#x435;&#x441;&#x442;&#x44F;&#x449;&#x438;&#x435; &#x44D;&#x43F;&#x43E;&#x445;&#x438; &#x432; &#x438;&#x441;&#x442;&#x43E;&#x440;&#x438;&#x438; &#x41A;&#x438;&#x442;&#x430;&#x44F;</subfield>
  </datafield>
  <datafield tag="300" ind1=" " ind2=" ">
    <subfield code="a">&#x41A;&#x43D;. &#x444;&#x430;&#x43A;&#x442;&#x438;&#x447;&#x435;&#x441;&#x43A;&#x438; &#x438;&#x437;&#x434;. &#x432; 2018 &#x433;.</subfield>
  </datafield>
  <datafield tag="320" ind1=" " ind2=" ">
    <subfield code="a">&#x411;&#x438;&#x431;&#x43B;&#x438;&#x43E;&#x433;&#x440;.: &#x441;. 166-167 (14 &#x43D;&#x430;&#x437;&#x432;.) &#x438; &#x432; &#x43F;&#x43E;&#x434;&#x441;&#x442;&#x440;&#x43E;&#x447;. &#x43F;&#x440;&#x438;&#x43C;&#x435;&#x447;.</subfield>
  </datafield>
  <datafield tag="333" ind1=" " ind2=" ">
    <subfield code="a">12+</subfield>
  </datafield>
  <datafield tag="607" ind1=" " ind2=" ">
    <subfield code="a">&#x41A;&#x438;&#x442;&#x430;&#x439;</subfield>
    <subfield code="x">&#x418;&#x441;&#x442;&#x43E;&#x440;&#x438;&#x44F;</subfield>
    <subfield code="z">1368 - 1644</subfield>
    <subfield code="2">nlr_sh1</subfield>
    <subfield code="2">nlr_sh2</subfield>
    <subfield code="3">RU\NLR\AUTH\661389403</subfield>
  </datafield>
  <datafield tag="686" ind1="1" ind2=" ">
    <subfield code="a">&#x422;3(5&#x41A;&#x438;&#x442;)44,02</subfield>
  </datafield>
  <datafield tag="700" ind1=" " ind2="0">
    <subfield code="a">&#x416;&#x443;&#x43D; &#x427;&#x436;&#x44D;&#x43D;&#x44C;</subfield>
  </datafield>
  <datafield tag="702" ind1=" " ind2="1">
    <subfield code="a">&#x411;&#x43E;&#x434;&#x43E;&#x442;&#x44C;&#x43A;&#x43E;</subfield>
    <subfield code="b">&#x415;. &#x411;.</subfield>
    <subfield code="4">730</subfield>
  </datafield>
  <datafield tag="722" ind1=" " ind2=" ">
    <subfield code="a">&#x41C;&#x438;&#x43D; (&#x434;&#x438;&#x43D;&#x430;&#x441;&#x442;&#x438;&#x44F;)</subfield>
    <subfield code="f">1368-1634</subfield>
    <subfield code="3">RU\NLR\AUTH\770202884</subfield>
  </datafield>
  <datafield tag="942" ind1=" " ind2=" ">
    <subfield code="c">BOOK</subfield>
  </datafield>
  <datafield tag="980" ind1=" " ind2=" ">
    <subfield code="a">NBR</subfield>
  </datafield>
  <datafield tag="980" ind1=" " ind2=" ">
    <subfield code="a">NB</subfield>
  </datafield>
</record>
